000 00988nam a2200277Ia 4500
001 Para_10039
003 CHAP
008 220125sOctu xx 000 0 und d
010 _a208691
040 _cCHAP
090 _aPA CD - TESIS 120
100 _aSantiago Elena, Eduardo
_9127538
245 _aDinámica de comunidades de colémbolos edáficos en un bosque e encinos en Tequexquinahuac, Texcoco, México /
_c Santiago Elena Eduardo; Director Víctor Manuel Pinto.
260 _aChapingo, Méx. :
_b el autor
300 _a1 CDS ROM (74 p.)
502 _aTesis (Ing. Agr. Esp. en Parasitología Agrícola). UACh. Departamento Parasitología Agrícola
700 _aPinto, Víctor Manuel. Director
_9175069
710 _aUACh. Departamento Parasitología Agrícola
_9164025
901 _aPA CD - TESIS 120
902 _aM
905 _a513220Octubre, 2011 abmn8100000000 06
910 _aOctu
942 _cPARA
942 _cPARA
_d2
999 _c208691
_d208691